Cricket: Pakistan, Shock 2017 Champions Trophy Winners - Statistics

General Stats
  • This quiz has been taken 360 times
  • The average score is 9 of 11
Answer Stats
bp bat bowl player % Correct
8 3-16 Mohammad Amir
91%
3 46 Babar Azam
90%
2 114 Fakhar Zaman
90%
9 2-60 Shadab Khan
87%
5 57* Mohammed Hafeez
86%
10 3-19 Hasan Ali
85%
7 (4 ct) Sarfraz Ahmed
84%
1 59 Azhar Ali
83%
4 12 Shoaib Malik
82%
11 1-20 Junaid Khan
78%
6 25* Imad Wasim
74%
No matching quizzes found
Score Distribution
Percent of People with Each Score
Percentile by Number Answered
Your Score History
You have not taken this quiz